UBT Library

Projektimi i konstruksioneve arkitektonike / (Record no. 1106)

000 -LEADER
fixed length control field 00540nam a22001937a 4500
008 - FIXED-LENGTH DATA ELEMENTS--GENERAL INFORMATION
fixed length control field 150710b xxu||||| |||| 00| 0 alb d
020 ## - INTERNATIONAL STANDARD BOOK NUMBER
International Standard Book Number 9789951437189
041 0# - LANGUAGE CODE
Language code of text/sound track or separate title alb
080 ## - UNIVERSAL DECIMAL CLASSIFICATION NUMBER
Universal Decimal Classification number 72.012.1
-- 692
Common auxiliary subdivision (075.8)
100 ## - Rafti
Rafti Beqaj, Binak ;
245 ## - TITLE STATEMENT
Title Projektimi i konstruksioneve arkitektonike /
Statement of responsibility, etc Binak Beqaj.
260 ## -
-- Prishtinë :
-- UBT ;
-- 2012.
300 ## -
-- 233 f. :
-- me il. ;
-- 24 cm.
500 ## -
-- Parathënie : f. 9-10
505 ## -
-- Literatura : f. 233
650 #0 -
-- Arkitekturë
650 #0 -
-- Projektim
942 ## - ADDED ENTRY ELEMENTS (KOHA)
Source of classification or shelving scheme
Item type Books
Holdings
Withdrawn status Lost status Source of classification or shelving scheme Damaged status Not for loan Collection code Permanent location Current location Shelving location Date acquired Total Checkouts Full call number Date last seen Price effective from Koha item type Barcode
          Koleksioni i përgjithshem UBT - Lipjan UBT - Lipjan   04/23/2024   002-800070673 04/23/2024 04/23/2024 Books  
          Koleksioni i përgjithshem UBT - Lipjan UBT - Lipjan   04/23/2024   72.012 BEQ 04/23/2024 04/23/2024 Books 002-800070674
          Koleksioni i përgjithshem UBT - Prishtine UBT - Prishtine Koleksioni i përgjithshem 07/10/2015   72.012.1 (075.8) BEQ 07/10/2015 07/10/2015 Books  
UBT Library © 2015-2024. All rights reserved University Education for Business and Technology